000 00666nam a22002297a 4500
003 UA-OsUOA
001 48435
007 ta
008 20070906b un ||||| |||| 00| 0 ukr d
100 _aХоменко Б. В.
090 _a82.09
_bХ76
942 _cBK
040 _aUA-OsUOA
_bukr
_cUA-OsUOA
_dUA-OsUOA
245 _aНародні джерела творчості Марка Вовчка
_bНа матеріалах української прози
300 _a174 с.
955 _a2
041 _aukr
080 _a82.09
260 _aК.
_c1977
650 7 _a82 Література. Літературознавство
_2UDC
999 _c334542
_d334542